[Event "St Petersburg Korchnoi Memorial op"]
[Site "St Petersburg"]
[Date "2023.08.21"]
[Round "6"]
[White "Polevoy, David"]
[Black "Blinova, Sofia"]
[Result "1-0"]
[WhiteElo "1655"]
[BlackElo "1464"]
[PlyCount "97"]
[EventDate "2023.08.18"]
[EventType "swiss"]
[EventRounds "9"]
[EventCountry "RUS"]
[SourceTitle "EXT 2024"]
[Source "ChessBase"]
[SourceDate "2023.10.10"]
[SourceVersion "1"]
[SourceVersionDate "2023.10.10"]
[SourceQuality "1"]

1. c4 Nf6 2. Nc3 e6 3. e4 d5 4. cxd5 exd5 5. e5 d4 6. exf6 dxc3 7. dxc3 Qxf6 8. Nf3 Be7 9. Bg5 Qe6+ 10. Be2 0-0 11. Nd4 Qd7 12. Bf4 Bd6 13. Bxd6 Qxd6 14. 0-0 Bd7 15. Bf3 Bc6 16. Nxc6 Nxc6 17. Qxd6 cxd6 18. Rad1 Rad8 19. Rd2 f5 20. Rfd1 Rf6 21. Re2 Kf8 22. g3 Rd7 23. Kg2 Re7 24. Red2 Rd7 25. c4 Ke7 26. a3 Na5 27. Bd5 Kd8 28. b4 Nc6 29. f4 Kc7 30. Bf3 Re7 31. Kf2 b6 32. Rb2 Rfe6 33. Rbd2 a5 34. Bd5 Rh6 35. Bxc6 Kxc6 36. bxa5 Rxh2+ 37. Kf3 Rxd2 38. Rxd2 bxa5 39. Rd5 g6 40. Rxa5 Re4 41. Ra7 Rxc4 42. Rxh7 Rc3+ 43. Kf2 Rxa3 44. Rg7 Kd5 45. Rxg6 Ra6 46. Kf3 Ra3+ 47. Kg2 Ra6 48. Kh3 Ra7 49. Kh4 1-0

[Event "St Petersburg Korchnoi Memorial op"]
[Site "St Petersburg"]
[Date "2023.08.19"]
[Round "2"]
[White "Komissarova, Soigina"]
[Black "Blinova, Sofia"]
[Result "1-0"]
[WhiteElo "1770"]
[BlackElo "1464"]
[PlyCount "95"]
[EventDate "2023.08.18"]
[EventType "swiss"]
[EventRounds "9"]
[EventCountry "RUS"]
[SourceTitle "EXT 2024"]
[Source "ChessBase"]
[SourceDate "2023.10.10"]
[SourceVersion "1"]
[SourceVersionDate "2023.10.10"]
[SourceQuality "1"]

1. c4 Nf6 2. Nc3 e6 3. e4 d5 4. e5 d4 5. exf6 dxc3 6. bxc3 Qxf6 7. d4 Nd7 8. Nf3 h6 9. Bd3 Be7 10. Qe2 Nc5 11. Bc2 0-0 12. h4 Nd7 13. g4 e5 14. g5 Qc6 15. d5 Qd6 16. gxh6 gxh6 17. Ng5 Nf6 18. Qd3 Bd7 19. Rg1 Kh8 20. Nxf7+ Rxf7 21. Qg6 Rh7 22. Qd3 e4 23. Qd4 Qh2 24. Rg6 Qxh4 25. c5 Bf5 26. Rg1 Qh2 27. Rg3 Qh1+ 28. Kd2 Rd8 29. c4 Rg7 30. Rxg7 Kxg7 31. Qe5 e3+ 32. Kc3 Bxc2 33. Qxe7+ Kg6 34. Qxd8 exf2 35. Qxf6+ Kxf6 36. Bg5+ hxg5 37. Rxh1 g4 38. Rf1 g3 39. Kd2 Be4 40. Ke2 Bg2 41. Rb1 Ke5 42. a4 b6 43. c6 Kd6 44. Ra1 a5 45. Rb1 Kc5 46. Rc1 Kd6 47. Rd1 Ke7 48. Rc1 1-0

[Event "St Petersburg Korchnoi Memorial op"]
[Site "St Petersburg"]
[Date "2023.08.18"]
[Round "1"]
[White "Blinova, Sofia"]
[Black "Tarasenko, Iaroslav"]
[Result "0-1"]
[WhiteElo "1464"]
[BlackElo "2009"]
[PlyCount "148"]
[EventDate "2023.08.18"]
[EventType "swiss"]
[EventRounds "9"]
[EventCountry "RUS"]
[SourceTitle "EXT 2024"]
[Source "ChessBase"]
[SourceDate "2023.10.10"]
[SourceVersion "1"]
[SourceVersionDate "2023.10.10"]
[SourceQuality "1"]

1. e4 c5 2. Nf3 e6 3. d4 cxd4 4. Nxd4 Nf6 5. Bd3 Nc6 6. Be3 d5 7. Nxc6 bxc6 8. Nd2 Be7 9. Qe2 0-0 10. 0-0 c5 11. c4 d4 12. Bf4 Nd7 13. Nf3 f6 14. Bc2 Nb6 15. Ne1 Bb7 16. b3 Nc8 17. Nd3 Qb6 18. Rfe1 Kh8 19. Bd1 e5 20. Bd2 Nd6 21. f3 Rac8 22. g4 Nf7 23. h4 g6 24. Qh2 Qe6 25. Kf2 Kg7 26. Rg1 Rg8 27. Be2 Kf8 28. Bf1 Bd6 29. Bh3 Ke7 30. Rae1 Rce8 31. Re2 Bc8 32. Rg3 Kd8 33. Ba5+ Kd7 34. Kf1 Kc6 35. Re1 Qe7 36. Qc2 Kb7 37. b4 Ka8 38. Rb1 cxb4 39. c5 Bc7 40. Bxb4 Ba6 41. Ke1 Rb8 42. Bf1 Nd8 43. Qb3 Nc6 44. Qd5 Bb7 45. Qc4 f5 46. g5 fxe4 47. fxe4 Na5 48. c6 Nxc4 49. Bxe7 Bxc6 50. Rc1 Ba5+ 51. Kf2 Bc3 52. Nb4 Na5 53. Nxc6 Nxc6 54. Bd6 Rb2+ 55. Kg1 Rd8 56. Ba3 Rxa2 57. Bb5 Na5 58. Be7 Rb8 59. Bd3 Re8 60. Bd6 Nb7 61. Bb5 Nxd6 62. Bxe8 Nxe8 63. Rf3 Nd6 64. Rf8+ Kb7 65. Rh8 Nxe4 66. Rxh7+ Kc6 67. h5 Kd5 68. hxg6 Ra6 69. Rd7+ Kc4 70. g7 Rg6 71. Kh2 d3 72. Rf1 d2 73. Kh3 Nxg5+ 74. Kg4 Ne4+ 0-1

[Event "EU-ch Hybrid U10 Girls"]
[Site "Tornelo INT"]
[Date "2021.10.15"]
[Round "4"]
[White "Preobrazhenskaya, Diana"]
[Black "Blinova, Sofia"]
[Result "1-0"]
[WhiteElo "1764"]
[BlackElo "1297"]
[PlyCount "111"]
[EventDate "2021.10.15"]
[EventType "swiss"]
[EventRounds "9"]
[EventCountry "NET"]
[SourceTitle "EXT 2023"]
[Source "ChessBase"]
[SourceDate "2022.10.05"]
[SourceVersion "1"]
[SourceVersionDate "2022.10.05"]
[SourceQuality "1"]
[WhiteTeam "Russia"]
[BlackTeam "Russia"]
[WhiteTeamCountry "RUS"]
[BlackTeamCountry "RUS"]

1. e4 e5 2. Nf3 Nf6 3. Nxe5 d6 4. Nf3 Nxe4 5. Nc3 Nf6 6. d4 d5 7. Bg5 Be6 8. Be2 Be7 9. 0-0 h6 10. Bh4 0-0 11. Ne5 Nfd7 12. Bg3 Bh4 13. Bf4 Bg5 14. Bg3 Bh4 15. f4 Nxe5 16. dxe5 Bxg3 17. hxg3 c6 18. Qd4 f5 19. Na4 b6 20. b4 Nd7 21. c4 a6 22. cxd5 cxd5 23. Bf3 b5 24. Bxd5 Bxd5 25. Qxd5+ Kh8 26. e6 Nf6 27. Qc5 Qd3 28. Rf3 Qd2 29. Nb6 Ne4 30. Qe3 Qxe3+ 31. Rxe3 Rae8 32. Nd7 Rg8 33. Nc5 Nxc5 34. bxc5 Re7 35. Rd1 Rge8 36. Rd6 Ra8 37. Rd7 Rae8 38. c6 Rxe6 39. Rxe6 Rxe6 40. Rd8+ Kh7 41. c7 Rc6 42. c8Q Rxc8 43. Rxc8 Kg6 44. Rc6+ Kf7 45. Rxa6 Ke7 46. Rb6 Kf7 47. Rxb5 Kf6 48. a4 Ke6 49. a5 Kd6 50. a6 Kc6 51. Rb1 Kc7 52. a7 Kd6 53. a8Q Kc5 54. Qc8+ Kd4 55. Rd1+ Ke3 56. Qe6# 1-0